[Event "Abe Yanofsky mem."]
[Site "Winnipeg CAN"]
[Date "2005.09.04"]
[Round "4"]
[White "Haessel, Dale"]
[Black "Gentes, Kevin"]
[Result "1/2-1/2"]
[WhiteElo "2254"]
[BlackElo "2342"]
[PlyCount "88"]
[GameId "2160767910900408"]
[EventDate "2005.09.03"]
[EventType "swiss"]
[EventRounds "6"]
[EventCountry "CAN"]
[SourceTitle "CBM 108 Extra"]
[Source "ChessBase"]
[SourceDate "2005.11.04"]
[SourceVersion "1"]
[SourceVersionDate "2005.11.04"]
[SourceQuality "1"]

1. c4 Nf6 2. g3 g6 3. Bg2 Bg7 4. Nc3 O-O 5. d3 c6 6. e4 e5 7. Nge2 Na6 8. O-O Nc7 9. d4 exd4 10. Nxd4 d5 11. cxd5 cxd5 12. Bg5 h6 13. Bxf6 Qxf6 14. Nde2 d4 15. Nd5 Nxd5 16. exd5 Bf5 17. Qb3 Qa6 18. Nf4 Rac8 19. Rfc1 Rxc1+ 20. Rxc1 Rc8 21. Rxc8+ Bxc8 22. Bf1 Qd6 23. Qc4 Bd7 24. b4 b6 25. Ne2 d3 26. Qxd3 Qxb4 27. Nf4 b5 28. h3 Be5 29. Ne2 Bf5 30. Qe3 Qe4 31. Qxa7 Qxd5 32. Qe3 Bd7 33. Bg2 Qd1+ 34. Kh2 Bg7 35. Bf3 Qd6 36. Nf4 Be5 37. Nd5 Be6 38. Qe4 Bf5 39. Qe2 h5 40. Kg2 Be6 41. Qe4 Bf5 42. Qe3 Be6 43. Qe4 Bg7 44. Nf4 Bd7 1/2-1/2

[Event "Abe Yanofsky mem."]
[Site "Winnipeg CAN"]
[Date "2005.09.04"]
[Round "4"]
[White "Hogeveen Rutter, Alexander"]
[Black "Vincent, Trevor"]
[Result "1-0"]
[WhiteElo "1780"]
[BlackElo "2034"]
[PlyCount "53"]
[GameId "2160767910900409"]
[EventDate "2005.09.03"]
[EventType "swiss"]
[EventRounds "6"]
[EventCountry "CAN"]
[SourceTitle "CBM 108 Extra"]
[Source "ChessBase"]
[SourceDate "2005.11.04"]
[SourceVersion "1"]
[SourceVersionDate "2005.11.04"]
[SourceQuality "1"]

1. d4 f5 2. Nf3 Nf6 3. Bg5 Ne4 4. e3 Nxg5 5. Nxg5 e6 6. f4 Be7 7. Nf3 O-O 8. c4 b6 9. Nc3 Bb7 10. Bd3 d6 11. h3 Bh4+ 12. Kd2 Nd7 13. g4 Be7 14. gxf5 exf5 15. d5 Bf6 16. h4 Nc5 17. Ng5 Bxc3+ 18. bxc3 Qe8 19. Qc2 Qd7 20. Rag1 c6 21. Rg3 cxd5 22. Rhg1 Nxd3 23. Qxd3 h6 24. Ne6 Qxe6 25. Rxg7+ Kh8 26. Qd4 Qf6 27. Rg8+ 1-0

[Event "Abe Yanofsky mem."]
[Site "Winnipeg CAN"]
[Date "2005.09.04"]
[Round "4"]
[White "Hughey, Micah"]
[Black "Hinds, Ronald"]
[Result "1/2-1/2"]
[WhiteElo "2007"]
[BlackElo "1913"]
[PlyCount "43"]
[GameId "2160767910900410"]
[EventDate "2005.09.03"]
[EventType "swiss"]
[EventRounds "6"]
[EventCountry "CAN"]
[SourceTitle "CBM 108 Extra"]
[Source "ChessBase"]
[SourceDate "2005.11.04"]
[SourceVersion "1"]
[SourceVersionDate "2005.11.04"]
[SourceQuality "1"]

1. e4 c5 2. Nf3 e6 3. c3 d5 4. exd5 Qxd5 5. d4 Nf6 6. Be3 cxd4 7. cxd4 Nc6 8. Be2 Be7 9. O-O O-O 10. Nc3 Qd6 11. h3 Rd8 12. a3 a6 13. Qc2 b5 14. Rac1 Bb7 15. Rfd1 Rac8 16. Qb1 Na5 17. Nd2 Nd5 18. Nce4 Qb8 19. Bg5 h6 20. Bxe7 Nxe7 21. Rxc8 Qxc8 22. b4 1/2-1/2

[Event "Abe Yanofsky mem."]
[Site "Winnipeg CAN"]
[Date "2005.09.04"]
[Round "4"]
[White "Klokow, John"]
[Black "Jarmasz, Mark"]
[Result "1-0"]
[WhiteElo "1742"]
[BlackElo "1977"]
[PlyCount "127"]
[GameId "2160767910900412"]
[EventDate "2005.09.03"]
[EventType "swiss"]
[EventRounds "6"]
[EventCountry "CAN"]
[SourceTitle "CBM 108 Extra"]
[Source "ChessBase"]
[SourceDate "2005.11.04"]
[SourceVersion "1"]
[SourceVersionDate "2005.11.04"]
[SourceQuality "1"]

1. e4 c5 2. Nf3 Nc6 3. d4 cxd4 4. Nxd4 Nf6 5. Nc3 e5 6. Ndb5 d6 7. Bg5 a6 8. Na3 b5 9. Bxf6 gxf6 10. Nd5 Bg7 11. c3 f5 12. exf5 Bxf5 13. Nc2 O-O 14. Nce3 Be6 15. Bd3 f5 16. Bc2 Rb8 17. O-O b4 18. Ba4 Ne7 19. Nxe7+ Qxe7 20. Nd5 Bxd5 21. Qxd5+ Kh8 22. Rad1 bxc3 23. bxc3 Rb6 24. Rb1 Qc7 25. Rxb6 Qxb6 26. Rd1 Rd8 27. c4 Bf6 28. Bc2 f4 29. Rb1 Qd4 30. Qf7 Bg7 31. Qf5 Kg8 32. Rb7 e4 33. Qxe4 Qxe4 34. Bxe4 Re8 35. f3 Bd4+ 36. Kf1 h6 37. Ke2 Re5 38. Kd3 Bg1 39. h3 Ra5 40. Bd5+ Kh8 41. Rb2 Kg7 42. Ke4 Kf6 43. Kxf4 Ra3 44. Re2 Bc5 45. Ke4 Ra4 46. g4 Rb4 47. h4 Rb8 48. Kf4 Rf8 49. Kg3 a5 50. f4 a4 51. Re6+ Kg7 52. h5 Rf6 53. Re7+ Kf8 54. Re2 Kg7 55. g5 hxg5 56. fxg5 Rf1 57. Re7+ Kf8 58. Re2 Bd4 59. h6 Be5+ 60. Kg4 a3 61. g6 Rf4+ 62. Kg5 Rf1 63. Rxe5 Rg1+ 64. Kf6 1-0

[Event "Abe Yanofsky mem."]
[Site "Winnipeg CAN"]
[Date "2005.09.04"]
[Round "4"]
[White "Lafreniere, Adrian"]
[Black "Mu, Yuchen"]
[Result "1/2-1/2"]
[WhiteElo "1763"]
[BlackElo "1990"]
[PlyCount "87"]
[GameId "2160767910900413"]
[EventDate "2005.09.03"]
[EventType "swiss"]
[EventRounds "6"]
[EventCountry "CAN"]
[SourceTitle "CBM 108 Extra"]
[Source "ChessBase"]
[SourceDate "2005.11.04"]
[SourceVersion "1"]
[SourceVersionDate "2005.11.04"]
[SourceQuality "1"]

1. e4 c5 2. Nf3 d6 3. b3 Nf6 4. Nc3 g6 5. Bb2 Bg7 6. Bb5+ Bd7 7. Bxd7+ Nbxd7 8. Qe2 O-O 9. h3 a6 10. O-O Rb8 11. a4 Qc7 12. Rab1 e6 13. Rfe1 Rfd8 14. d3 b5 15. axb5 axb5 16. Nd1 Nb6 17. e5 Nfd5 18. exd6 Qxd6 19. Bxg7 Kxg7 20. Qe5+ Qxe5 21. Nxe5 Rdc8 22. Ne3 Nxe3 23. fxe3 f6 24. Nf3 Nd5 25. e4 Nb4 26. Rb2 c4 27. bxc4 bxc4 28. Reb1 cxd3 29. cxd3 Nc6 30. Rxb8 Rxb8 31. Rxb8 Nxb8 32. Kf2 e5 33. Ke3 Nc6 34. d4 exd4+ 35. Nxd4 Ne5 36. Ne6+ Kf7 37. Nf4 Ke7 38. Kd4 Kd6 39. Nd5 Nc6+ 40. Ke3 Ke5 41. Nb6 Kd6 42. Nd5 Ke6 43. g3 Ke5 44. Nb6 1/2-1/2

[Event "Abe Yanofsky mem."]
[Site "Winnipeg CAN"]
[Date "2005.09.04"]
[Round "4"]
[White "Lauritson, Jim"]
[Black "Cleto, Sam"]
[Result "0-1"]
[WhiteElo "1936"]
[BlackElo "1778"]
[PlyCount "131"]
[GameId "2160767910900414"]
[EventDate "2005.09.03"]
[EventType "swiss"]
[EventRounds "6"]
[EventCountry "CAN"]
[SourceTitle "CBM 108 Extra"]
[Source "ChessBase"]
[SourceDate "2005.11.04"]
[SourceVersion "1"]
[SourceVersionDate "2005.11.04"]
[SourceQuality "1"]

1. d4 Nf6 2. c4 e6 3. Nc3 Be7 4. e4 d6 5. Nf3 O-O 6. Be2 e5 7. dxe5 dxe5 8. Qxd8 Rxd8 9. Nxe5 Bb4 10. f3 Na6 11. Bg5 Be6 12. Rc1 Bc5 13. Nd5 c6 14. Nxf6+ gxf6 15. Bxf6 Rd6 16. Bg5 f5 17. exf5 Bxf5 18. Rd1 Re6 19. f4 Nb4 20. Rd8+ Rxd8 21. Bxd8 Nc2+ 22. Kd2 Rd6+ 23. Bd3 Bxd3 24. Nxd3 Nb4 25. Bg5 Rxd3+ 26. Ke2 Re3+ 27. Kd2 Re4 28. a3 Na6 29. b4 Bd6 30. g3 Rxc4 31. Re1 Nc7 32. Kd3 b5 33. Be7 Bxe7 34. Rxe7 Nd5 35. Rxa7 Nb6 36. Ra6 Nd5 37. Ra7 Rc1 38. Ke4 Rc2 39. h4 Rc3 40. g4 Rc4+ 41. Kf5 Rxf4+ 42. Kg5 Rf7 43. Ra6 Ne7 44. a4 bxa4 45. Rxa4 Kg7 46. h5 h6+ 47. Kh4 Nd5 48. Kg3 Rb7 49. b5 cxb5 50. Rd4 Nc3 51. Rb4 Rb6 52. Kh4 Nd5 53. Rd4 Rd6 54. g5 hxg5+ 55. Kxg5 b4 56. Rd3 Nc3 57. Re3 Rd7 58. Re6 Nd5 59. Rg6+ Kh7 60. Rh6+ Kg8 61. Ra6 b3 62. Ra8+ Kh7 63. Rb8 Rg7+ 64. Kf5 Rg3 65. Ke4 Nb4 66. Kd4 0-1

[Event "Abe Yanofsky mem."]
[Site "Winnipeg CAN"]
[Date "2005.09.04"]
[Round "4"]
[White "Matveeva, Svetlana"]
[Black "Bluvshtein, Mark"]
[Result "1-0"]
[WhiteElo "2464"]
[BlackElo "2553"]
[PlyCount "97"]
[GameId "2160767910900415"]
[EventDate "2005.09.03"]
[EventType "swiss"]
[EventRounds "6"]
[EventCountry "CAN"]
[SourceTitle "CBM 108 Extra"]
[Source "ChessBase"]
[SourceDate "2005.11.04"]
[SourceVersion "1"]
[SourceVersionDate "2005.11.04"]
[SourceQuality "1"]

1. d4 d5 2. c4 e6 3. Nc3 c6 4. e3 Nf6 5. Nf3 Nbd7 6. Qc2 Be7 7. b3 b6 8. Bd3 Bb7 9. O-O O-O 10. Bb2 Rc8 11. Rfd1 Qc7 12. Rac1 Rfd8 13. Qe2 Qb8 14. e4 dxe4 15. Nxe4 c5 16. dxc5 Nxe4 17. Bxe4 Nxc5 18. Bxb7 Qxb7 19. h3 a5 20. Rxd8+ Rxd8 21. Rd1 Rd7 22. Rxd7 Qxd7 23. Ne5 Qd6 24. Qh5 g6 25. Qf3 f6 26. Nc6 e5 27. Nxe7+ Qxe7 28. Ba3 Kf7 29. Qa8 e4 30. Bxc5 bxc5 31. Qxa5 e3 32. Kf1 Qe4 33. fxe3 Qxe3 34. Qc7+ Kg8 35. Qd8+ Kg7 36. Qd7+ Kh6 37. Qd1 f5 38. a4 g5 39. Qf3 Qc1+ 40. Kf2 f4 41. Qc6+ Kh5 42. Qe8+ Kh6 43. Qe6+ Kg7 44. Qe7+ Kg6 45. Qxc5 Qc2+ 46. Kg1 Qd1+ 47. Kh2 Qxb3 48. Qc6+ Kf5 49. Qb5+ 1-0

[Event "Abe Yanofsky mem."]
[Site "Winnipeg CAN"]
[Date "2005.09.04"]
[Round "4"]
[White "Melamedoff, Gustavo"]
[Black "Kaptsan, Aron"]
[Result "0-1"]
[WhiteElo "2024"]
[BlackElo "1900"]
[PlyCount "62"]
[GameId "2160767910900416"]
[EventDate "2005.09.03"]
[EventType "swiss"]
[EventRounds "6"]
[EventCountry "CAN"]
[SourceTitle "CBM 108 Extra"]
[Source "ChessBase"]
[SourceDate "2005.11.04"]
[SourceVersion "1"]
[SourceVersionDate "2005.11.04"]
[SourceQuality "1"]

1. c4 e6 2. g3 d5 3. b3 d4 4. Nf3 c5 5. Bg2 Nc6 6. O-O Nf6 7. d3 Bd6 8. e4 e5 9. Ne1 h5 10. Bg5 Be7 11. f4 Ng4 12. Bxe7 Qxe7 13. Nc2 h4 14. f5 Qg5 15. Qd2 Ne3 16. Rf3 g6 17. Nxe3 dxe3 18. Qxe3 Qxe3+ 19. Rxe3 hxg3 20. hxg3 Nd4 21. Nc3 gxf5 22. exf5 f6 23. g4 Rg8 24. Re4 Bd7 25. Nb5 Nxb5 26. cxb5 Bxb5 27. Rc1 Bxd3 28. Re3 Rd8 29. Rxc5 Rxg4 30. Rc7 Bxf5 31. Rxb7 Rd2 0-1

[Event "Abe Yanofsky mem."]
[Site "Winnipeg CAN"]
[Date "2005.09.04"]
[Round "4"]
[White "Nikouline, Alexandre"]
[Black "Booth, Kevin"]
[Result "1-0"]
[WhiteElo "1922"]
[BlackElo "1336"]
[PlyCount "73"]
[GameId "2160767910900417"]
[EventDate "2005.09.03"]
[EventType "swiss"]
[EventRounds "6"]
[EventCountry "CAN"]
[SourceTitle "CBM 108 Extra"]
[Source "ChessBase"]
[SourceDate "2005.11.04"]
[SourceVersion "1"]
[SourceVersionDate "2005.11.04"]
[SourceQuality "1"]

1. e4 e5 2. Nf3 Nc6 3. Bb5 d6 4. O-O f5 5. exf5 Bxf5 6. d4 exd4 7. Nxd4 Bd7 8. Re1+ Be7 9. Ne6 Bxe6 10. Rxe6 Nf6 11. Qe1 Qd7 12. Bg5 Kf7 13. Re3 Rhe8 14. Nc3 Kg8 15. Rd1 a6 16. Bc4+ Kh8 17. Be6 Qd8 18. Qe2 Ng8 19. Bf4 Bf6 20. Qg4 Nd4 21. Bc4 Rxe3 22. fxe3 Nxc2 23. Ne4 Qe7 24. Bd3 Nb4 25. Bb1 Bxb2 26. Qh3 Nf6 27. Nxf6 gxf6 28. Qf3 Nc6 29. Bh6 Nd8 30. Rf1 Nc6 31. Qe2 Be5 32. Rf3 Rg8 33. Rh3 Qe6 34. Qh5 Qe8 35. Qf3 Qe7 36. Bxh7 Rd8 37. Bf5 1-0

[Event "Abe Yanofsky mem."]
[Site "Winnipeg CAN"]
[Date "2005.09.04"]
[Round "4"]
[White "Oberton, Daniel"]
[Black "Pierre, Rolland"]
[Result "1-0"]
[WhiteElo "1661"]
[BlackElo "1537"]
[PlyCount "65"]
[GameId "2160767910900418"]
[EventDate "2005.09.03"]
[EventType "swiss"]
[EventRounds "6"]
[EventCountry "CAN"]
[SourceTitle "CBM 108 Extra"]
[Source "ChessBase"]
[SourceDate "2005.11.04"]
[SourceVersion "1"]
[SourceVersionDate "2005.11.04"]
[SourceQuality "1"]

1. e4 c5 2. d4 cxd4 3. c3 dxc3 4. Nxc3 a6 5. Bc4 e6 6. Nf3 d6 7. O-O Nf6 8. Qe2 Nc6 9. Rd1 Be7 10. e5 Nd5 11. Nxd5 exd5 12. Bxd5 O-O 13. exd6 Bf6 14. Bf4 Re8 15. Qc4 Be6 16. Bxe6 Rxe6 17. Rd2 Qd7 18. Rad1 Rae8 19. h3 Re4 20. Qc1 Rxf4 21. Ne1 Rfe4 22. Nd3 Bd4 23. Nc5 Bxc5 24. Qxc5 Re1+ 25. Rxe1 Rxe1+ 26. Kh2 Re5 27. Qb6 Re6 28. Qc7 Ne5 29. f4 h6 30. fxe5 Qb5 31. d7 Rxe5 32. d8=Q+ Kh7 33. Qd3+ 1-0

[Event "Abe Yanofsky mem."]
[Site "Winnipeg CAN"]
[Date "2005.09.04"]
[Round "4"]
[White "Rekhson, Vladislav"]
[Black "Schulz, Waldemar"]
[Result "1/2-1/2"]
[WhiteElo "2120"]
[BlackElo "2057"]
[PlyCount "90"]
[GameId "2160767910900419"]
[EventDate "2005.09.03"]
[EventType "swiss"]
[EventRounds "6"]
[EventCountry "CAN"]
[SourceTitle "CBM 108 Extra"]
[Source "ChessBase"]
[SourceDate "2005.11.04"]
[SourceVersion "1"]
[SourceVersionDate "2005.11.04"]
[SourceQuality "1"]

1. e4 c5 2. Nf3 e6 3. d4 cxd4 4. Nxd4 Nf6 5. Bd3 Nc6 6. Nb3 Be7 7. O-O d5 8. exd5 Nxd5 9. Be4 O-O 10. c4 Nf6 11. Bxc6 Qxd1 12. Rxd1 bxc6 13. Na5 Bd7 14. Bg5 Rfd8 15. Nc3 Be8 16. Ne4 Kf8 17. Nxf6 Bxf6 18. Bxf6 gxf6 19. b4 Ke7 20. f3 Rab8 21. a3 c5 22. b5 Rd4 23. Kf2 a6 24. a4 axb5 25. axb5 e5 26. Rxd4 cxd4 27. Nb3 Bxb5 28. cxb5 Rxb5 29. Rb1 Rb7 30. Nd2 Rc7 31. g4 Rc2 32. Ke2 f5 33. gxf5 Kf6 34. Rb6+ Kxf5 35. Rh6 Kg5 36. Rxh7 f5 37. Re7 Kf4 38. h4 Rc6 39. Rh7 e4 40. fxe4 fxe4 41. Rf7+ Kg4 42. Nxe4 Kxh4 43. Kf3 Kh5 44. Kf4 Kh6 45. Rd7 Kg6 1/2-1/2

[Event "Abe Yanofsky mem."]
[Site "Winnipeg CAN"]
[Date "2005.09.04"]
[Round "4"]
[White "Remillard, John"]
[Black "Trinidad, Kris"]
[Result "1-0"]
[WhiteElo "1587"]
[BlackElo "1378"]
[PlyCount "116"]
[GameId "2160767910900420"]
[EventDate "2005.09.03"]
[EventType "swiss"]
[EventRounds "6"]
[EventCountry "CAN"]
[SourceTitle "CBM 108 Extra"]
[Source "ChessBase"]
[SourceDate "2005.11.04"]
[SourceVersion "1"]
[SourceVersionDate "2005.11.04"]
[SourceQuality "1"]

1. c4 Nf6 2. Nc3 g6 3. g3 Bg7 4. Bg2 O-O 5. d4 d6 6. e4 Ne8 7. Nf3 f5 8. O-O fxe4 9. Nxe4 Bf5 10. Re1 Nd7 11. Qb3 Rb8 12. Neg5 Kh8 13. c5 e6 14. Rxe6 h6 15. cxd6 hxg5 16. Re7 Nxd6 17. Bxg5 Nf6 18. Rae1 Re8 19. Rxe8+ Ndxe8 20. Ne5 Kh7 21. g4 Qc8 22. Qh3+ Kg8 23. gxf5 Qxf5 24. Qxf5 gxf5 25. Bxf6 Nxf6 26. b3 c6 27. Bh3 f4 28. Be6+ Kh7 29. Nd3 Rd8 30. Nxf4 Rxd4 31. Bf5+ Kh6 32. Ne6 Rd5 33. Nxg7 Kxg7 34. Bc8 Rg5+ 35. Kh1 Ng4 36. Bxg4 Rxg4 37. Rg1 Rxg1+ 38. Kxg1 b5 39. b4 Kg6 40. Kg2 Kf5 41. Kf3 a6 42. h4 Ke5 43. Kg4 Kd4 44. h5 Kc4 45. a3 Kb3 46. h6 Kxa3 47. h7 Kxb4 48. h8=Q c5 49. Qb2+ Ka5 50. Kf4 b4 51. Ke5 c4 52. Kd5 c3 53. Qb3 Kb5 54. Qc4+ Ka4 55. Kc5 Ka3 56. Qxb4+ Ka2 57. Kc4 c2 58. Qb3+ Ka1 1-0

[Event "Abe Yanofsky mem."]
[Site "Winnipeg CAN"]
[Date "2005.09.04"]
[Round "4"]
[White "Rutter, Blair"]
[Black "Gannon, Keith"]
[Result "1-0"]
[WhiteElo "1772"]
[BlackElo "1528"]
[PlyCount "147"]
[GameId "2160767910900421"]
[EventDate "2005.09.03"]
[EventType "swiss"]
[EventRounds "6"]
[EventCountry "CAN"]
[SourceTitle "CBM 108 Extra"]
[Source "ChessBase"]
[SourceDate "2005.11.04"]
[SourceVersion "1"]
[SourceVersionDate "2005.11.04"]
[SourceQuality "1"]

1. c4 c5 2. Nc3 Nf6 3. g3 g6 4. Bg2 Bg7 5. e4 d6 6. Nge2 Nc6 7. O-O O-O 8. d3 Bd7 9. h3 a6 10. Be3 Qc7 11. Qd2 e6 12. f4 Ne8 13. Kh2 Rb8 14. Rac1 Ne7 15. b3 b5 16. cxb5 axb5 17. d4 b4 18. Nd1 f5 19. dxc5 Bb5 20. cxd6 Qxd6 21. Qxd6 Nxd6 22. Re1 Bxe2 23. Rxe2 Nxe4 24. Bxe4 fxe4 25. Bc5 Rfc8 26. Rc4 Nc6 27. Rcxe4 Rd8 28. Nf2 Bd4 29. Bxd4 Nxd4 30. Rb2 Kf7 31. Ng4 Rbc8 32. Ne5+ Kf6 33. Nc4 h5 34. Kg2 Nf5 35. Kf2 Rd3 36. g4 hxg4 37. hxg4 Nd4 38. g5+ Kg7 39. Ne5 Rh3 40. Kg2 Rch8 41. Ng4 Nf5 42. Nh6 Rh4 43. Rxb4 Nxh6 44. gxh6+ R8xh6 45. Rb7+ Kf6 46. Kf3 Rh3+ 47. Ke4 Rh1 48. Rf2 Re1+ 49. Kd4 Rh4 50. Rb5 Rh8 51. a4 Rd8+ 52. Kc3 Re3+ 53. Kb4 Re4+ 54. Kc5 Rd5+ 55. Kc6 Rd3 56. a5 Rc3+ 57. Kb7 Rd4 58. b4 Rd7+ 59. Ka6 Rc8 60. Rb6 Ra8+ 61. Kb5 Raa7 62. a6 Kf5 63. Rc6 Rg7 64. Ka5 g5 65. fxg5+ Kxg5 66. Rxe6 Kh5 67. Rh2+ Kg5 68. Rg2+ Kf5 69. Rxg7 Rxg7 70. Rc6 Ke5 71. b5 Kd5 72. Rc8 Kd6 73. Kb6 Rg3 74. a7 1-0

[Event "Abe Yanofsky mem."]
[Site "Winnipeg CAN"]
[Date "2005.09.04"]
[Round "4"]
[White "Shipov, Sergei"]
[Black "Lipnowski, Irwin"]
[Result "1-0"]
[WhiteElo "2620"]
[BlackElo "2252"]
[PlyCount "53"]
[GameId "2160767910900422"]
[EventDate "2005.09.03"]
[EventType "swiss"]
[EventRounds "6"]
[EventCountry "CAN"]
[SourceTitle "CBM 108 Extra"]
[Source "ChessBase"]
[SourceDate "2005.11.04"]
[SourceVersion "1"]
[SourceVersionDate "2005.11.04"]
[SourceQuality "1"]

1. d4 Nf6 2. c4 e6 3. Nc3 Bb4 4. Qc2 c5 5. dxc5 Na6 6. a3 Bxc3+ 7. Qxc3 Nxc5 8. f3 a5 9. e4 d6 10. Be3 Qc7 11. Rd1 b6 12. Qd2 Ke7 13. Ne2 a4 14. Nc3 Bd7 15. Qf2 Bc6 16. Be2 Rad8 17. O-O h6 18. e5 Ng8 19. f4 Bd7 20. Qh4+ f6 21. exf6+ Nxf6 22. f5 Bc6 23. fxe6 Kxe6 24. Bd4 Rdf8 25. Bg4+ Ke7 26. Rde1+ Kd8 27. Rxf6 1-0

[Event "Abe Yanofsky mem."]
[Site "Winnipeg CAN"]
[Date "2005.09.04"]
[Round "4"]
[White "Tang, Edward"]
[Black "Khedkar, Jay S"]
[Result "1/2-1/2"]
[WhiteElo "1985"]
[BlackElo "1894"]
[PlyCount "59"]
[GameId "2160767910900423"]
[EventDate "2005.09.03"]
[EventType "swiss"]
[EventRounds "6"]
[EventCountry "CAN"]
[SourceTitle "CBM 108 Extra"]
[Source "ChessBase"]
[SourceDate "2005.11.04"]
[SourceVersion "1"]
[SourceVersionDate "2005.11.04"]
[SourceQuality "1"]

1. e4 c5 2. Nf3 d6 3. d4 cxd4 4. Nxd4 Nf6 5. Nc3 a6 6. Bg5 e6 7. f4 Be7 8. Qe2 h6 9. Bh4 g5 10. fxg5 Nfd7 11. O-O-O Bxg5+ 12. Bxg5 Qxg5+ 13. Kb1 Ne5 14. Nb3 Qe7 15. Qd2 Nbd7 16. Qxd6 Qxd6 17. Rxd6 Ke7 18. Rd2 b5 19. a3 Ra7 20. Bd3 Rc7 21. Nc1 Bb7 22. Re1 Rg8 23. Rde2 Nb6 24. g3 Rd8 25. Nd1 Nbc4 26. Bxc4 Rxc4 27. Nb3 Nf3 28. Rf1 Rxe4 29. Ref2 Re1 30. Rxe1 1/2-1/2

[Event "Abe Yanofsky mem."]
[Site "Winnipeg CAN"]
[Date "2005.09.04"]
[Round "4"]
[White "Thompson, David Seip"]
[Black "Boron, Anthony"]
[Result "1/2-1/2"]
[WhiteElo "1367"]
[BlackElo "1964"]
[PlyCount "82"]
[GameId "2160767910900424"]
[EventDate "2005.09.03"]
[EventType "swiss"]
[EventRounds "6"]
[EventCountry "CAN"]
[SourceTitle "CBM 108 Extra"]
[Source "ChessBase"]
[SourceDate "2005.11.04"]
[SourceVersion "1"]
[SourceVersionDate "2005.11.04"]
[SourceQuality "1"]

1. e4 d5 2. exd5 Qxd5 3. Nc3 Qa5 4. Bc4 Nf6 5. d4 c6 6. Nf3 Bg4 7. Qd3 e6 8. O-O Nbd7 9. Bf4 Bb4 10. Ne4 Nxe4 11. Qxe4 Nf6 12. Qd3 O-O 13. Ne5 Bf5 14. Qe2 Nd5 15. Bg3 Qd8 16. Bd3 Bxd3 17. Qxd3 Be7 18. c3 Bh4 19. Bxh4 Qxh4 20. Nf3 Qg4 21. Ne5 Qg5 22. Kh1 Rad8 23. Nf3 Qh5 24. Rae1 Ne7 25. Qe4 Rd5 26. Ne5 Ng6 27. f4 Nxe5 28. fxe5 Qg6 29. Rf4 Qxe4 30. Rfxe4 Rfd8 31. Rd1 c5 32. Kg1 cxd4 33. Rexd4 Kf8 34. Kf2 Rxd4 35. Rxd4 Rxd4 36. cxd4 h5 37. h4 f6 38. Kf3 Kf7 39. Kf4 Kg6 40. g4 hxg4 41. Kxg4 b5 1/2-1/2

[Event "Abe Yanofsky mem."]
[Site "Winnipeg CAN"]
[Date "2005.09.04"]
[Round "4"]
[White "Van Wyk, Joseph"]
[Black "Lipnowski, Samuel"]
[Result "0-1"]
[WhiteElo "1885"]
[BlackElo "2126"]
[PlyCount "60"]
[GameId "2160767910900425"]
[EventDate "2005.09.03"]
[EventType "swiss"]
[EventRounds "6"]
[EventCountry "CAN"]
[SourceTitle "CBM 108 Extra"]
[Source "ChessBase"]
[SourceDate "2005.11.04"]
[SourceVersion "1"]
[SourceVersionDate "2005.11.04"]
[SourceQuality "1"]

1. e4 e6 2. c4 e5 3. f4 exf4 4. Nf3 g5 5. h4 g4 6. Ne5 h5 7. d4 d6 8. Nd3 Be7 9. Bxf4 Bxh4+ 10. g3 Bg5 11. Be2 Nc6 12. Qd2 Bxf4 13. Nxf4 Qg5 14. Nd5 Qxd2+ 15. Nxd2 Kd8 16. Nb3 a5 17. a4 Nb4 18. Nxb4 axb4 19. Kd2 Nf6 20. Ke3 Re8 21. Bd3 Bf5 22. Nd2 Bg6 23. Rhf1 Nxe4 24. Bxe4 f5 25. Rf4 Kd7 26. Kd3 fxe4+ 27. Nxe4 Rxe4 28. Rxe4 Re8 29. Rae1 Rxe4 30. Rxe4 h4 0-1

[Event "Abe Yanofsky mem."]
[Site "Winnipeg CAN"]
[Date "2005.09.04"]
[Round "4"]
[White "Zaczek, Jonathon"]
[Black "Wangen, Michael"]
[Result "1/2-1/2"]
[WhiteElo "2053"]
[BlackElo "1928"]
[PlyCount "69"]
[GameId "2160767910900426"]
[EventDate "2005.09.03"]
[EventType "swiss"]
[EventRounds "6"]
[EventCountry "CAN"]
[SourceTitle "CBM 108 Extra"]
[Source "ChessBase"]
[SourceDate "2005.11.04"]
[SourceVersion "1"]
[SourceVersionDate "2005.11.04"]
[SourceQuality "1"]

1. e4 d5 2. exd5 Qxd5 3. Nc3 Qd6 4. Nf3 Nf6 5. g3 Bg4 6. Bg2 c6 7. d4 e6 8. O-O Qc7 9. Re1 Bd6 10. Bg5 O-O 11. Bxf6 gxf6 12. Qd2 Nd7 13. Ne4 Be7 14. c4 Rad8 15. Rad1 Ne5 16. Qc3 Nxf3+ 17. Bxf3 Bxf3 18. Qxf3 f5 19. Nc3 Rfe8 20. d5 cxd5 21. cxd5 Bf6 22. dxe6 fxe6 23. Rxd8 Bxd8 24. Qh5 Qf7 25. Qxf7+ Kxf7 26. Nb5 Be7 27. Nxa7 Ra8 28. Nb5 Rxa2 29. Nd4 Rxb2 30. Nxe6 b5 31. Nd4 Bc5 32. Rd1 b4 33. Kg2 b3 34. Nxb3 Rxb3 35. Rd5 1/2-1/2

[Event "Abe Yanofsky mem."]
[Site "Winnipeg CAN"]
[Date "2005.09.05"]
[Round "5"]
[White "Babb, Jeff"]
[Black "Oberton, Daniel"]
[Result "1-0"]
[WhiteElo "2166"]
[BlackElo "1661"]
[PlyCount "95"]
[GameId "2160767910900427"]
[EventDate "2005.09.03"]
[EventType "swiss"]
[EventRounds "6"]
[EventCountry "CAN"]
[SourceTitle "CBM 108 Extra"]
[Source "ChessBase"]
[SourceDate "2005.11.04"]
[SourceVersion "1"]
[SourceVersionDate "2005.11.04"]
[SourceQuality "1"]

1. e4 c5 2. Nc3 d6 3. g3 Nf6 4. Bg2 g6 5. d3 Bg7 6. Nf3 Nc6 7. Be3 O-O 8. h3 Bd7 9. O-O b5 10. Nxb5 Rb8 11. Na3 Rxb2 12. Nc4 Rb8 13. Rb1 Qc7 14. Nfd2 Be6 15. c3 Nd7 16. Qc2 Nb6 17. Na3 Rb7 18. f4 a6 19. Rb2 Rfb8 20. Rfb1 h5 21. Nf3 Kf8 22. Kh2 Kg8 23. Bc1 Bc8 24. Nd2 Be6 25. Nf1 f5 26. Ne3 fxe4 27. dxe4 Bf7 28. Bf1 Ra7 29. Bd3 Kh7 30. Bd2 Nd7 31. Nd5 Qd8 32. Qa4 Rxb2 33. Rxb2 Qa5 34. Qxa5 Nxa5 35. Nxe7 Nf6 36. Nc8 Rd7 37. Rb6 Bxa2 38. Nxd6 c4 39. Bc2 Ne8 40. e5 Nc7 41. Ne4 Kh8 42. Rxg6 Bf8 43. Nd6 Nb5 44. Naxb5 axb5 45. Be3 Bg7 46. Bf5 Re7 47. Nxb5 Rb7 48. Rb6 1-0

[Event "Abe Yanofsky mem."]
[Site "Winnipeg CAN"]
[Date "2005.09.05"]
[Round "5"]
[White "Bluvshtein, Mark"]
[Black "Thompson, Brian"]
[Result "1-0"]
[WhiteElo "2553"]
[BlackElo "1864"]
[PlyCount "41"]
[GameId "2160767910900428"]
[EventDate "2005.09.03"]
[EventType "swiss"]
[EventRounds "6"]
[EventCountry "CAN"]
[SourceTitle "CBM 108 Extra"]
[Source "ChessBase"]
[SourceDate "2005.11.04"]
[SourceVersion "1"]
[SourceVersionDate "2005.11.04"]
[SourceQuality "1"]

1. d4 g6 2. e4 Bg7 3. Nc3 d6 4. Be3 c6 5. Nf3 Bg4 6. Bc4 Nf6 7. h3 Bxf3 8. Qxf3 O-O 9. a4 Nbd7 10. O-O e5 11. Rad1 Qc7 12. Bb3 a6 13. Bg5 d5 14. exd5 Nxd5 15. Bxd5 exd4 16. Bf4 Qa5 17. Bb3 dxc3 18. Rxd7 b5 19. Bc7 Qb4 20. Bd6 Qd4 21. bxc3 1-0